000 00387nam a22001457a 4500
082 _aP-414
100 _aAtif Afridi
_948111
245 _aMaterials Required in Structures for Protection Against Nuclear Radiation
260 _aRisalpur Cantt
_bMCE
300 _aP 180
526 _a0
_b0
_c0
_dP_414
650 _aProject
700 _aFaisal Mubarak Shabbir
_948112
942 _2ddc
_cBK
999 _c551148
_d551148